Manual de econometría (Registro nro. 5330)

Detalles MARC
000 -LEADER
fixed length control field 01336 a2200205 4500
001 - CONTROL NUMBER
control field 54062
005 - DATE AND TIME OF LATEST TRANSACTION
control field 20260407155811.0
008 - FIXED-LENGTH DATA ELEMENTS--GENERAL INFORMATION
fixed length control field 260407a1973 arg spa d
003 - CONTROL NUMBER IDENTIFIER
control field AR-UNSa-BCEJYS
040 ## - CATALOGING SOURCE
Original cataloging agency AR-UNSa-BCEJYS
Language of cataloging spa
Transcribing agency AR-UNSa-BCEJYS
080 ## - UNIVERSAL DECIMAL CLASSIFICATION NUMBER
Universal Decimal Classification number 330.43
Common auxiliary subdivision Econometría
041 ## - LANGUAGE CODE
Language code of text/sound track or separate title spa
100 1# - MAIN ENTRY--PERSONAL NAME
Personal name Fox, Karl A.
245 10 - TITLE STATEMENT
Title Manual de econometría
264 #1 - PRODUCTION, PUBLICATION, DISTRIBUTION, MANUFACTURE, AND COPYRIGHT NOTICE
Place of production, publication, distribution, manufacture Buenos Aires :
Name of producer, publisher, distributor, manufacturer Amorrortu Editores
Date of production, publication, distribution, manufacture, or copyright notice 1973
300 ## - PHYSICAL DESCRIPTION
Extent 558 p.
Dimensions 23 cm.
505 ## - FORMATTED CONTENTS NOTE
Formatted contents note 1. Economía y estadística - 2. Revisión de conceptos económicos - 3. Revisión de conceptos estadísticos - 4. Regresión simple y medición de relaciones económiicas - 5. Números índice y series cronológicas - 6. Análisis de regresión simple:Modelos alternativos - 7. Análisis de regresón múltiple - 8. Análisis de varianza - 9. Análisis lógico o estructural de las series cronológicas económicas - 10. La construcción de modelos económicos de gran escala:Un campo de pruebas para la estadística económica - 11. Identificación, ordenamienbto causal y estimacón en los modelos económicos - 12. Mútodos alternativos dee stimacón en los modelos económicos - 13. La multicolinealidad y el uso de información a priori en modelos económicos - 14. Medición de agregados económicos
590 ## - LOCAL NOTE (RLIN)
Local note niveau_biblio:m niveau_hierar:0
942 ## - ADDED ENTRY ELEMENTS (KOHA)
Koha item type
Existencias
Withdrawn status Lost status Damaged status Not for loan Home library Current library Shelving location Date acquired Total checkouts Full call number Barcode Date last seen Price effective from Koha item type
        Biblioteca Prof. Eusebio Cleto del Rey Biblioteca Prof. Eusebio Cleto del Rey   07/04/2026   330.43 F791 L25054 07/04/2026 07/04/2026 Libro